Central Library OPAC University of Rajshahi

Coaching better basketball / (Record no. 16448)

MARC details
000 -LEADER
fixed length control field 00812cam a22002771 4500
001 - CONTROL NUMBER
control field 16448
003 - CONTROL NUMBER IDENTIFIER
rucl marc code BD-RjUL
005 - DATE AND TIME OF LATEST TRANSACTION
control field 20211209000018.0
008 - FIXED-LENGTH DATA ELEMENTS--GENERAL INFORMATION
fixed length control field 140213s1964 nyua 001 0 eng d
035 ## - SYSTEM CONTROL NUMBER
System control number (BD-RjUL)16503
System control number (OCoLC)1355455
040 ## - CATALOGING SOURCE
Original cataloging agency DLC
Transcribing agency FO
Modifying agency CRedlU
-- DLC
-- BD-RjUL
Language of cataloging eng
041 ## - LANGUAGE CODE
Language code of text/sound track or separate title eng
082 00 - DEWEY DECIMAL CLASSIFICATION NUMBER
Classification number 796.323077
Author mark and year ANC 1964
100 1# - MAIN ENTRY--PERSONAL NAME
Personal name Anderson, Forrest.
9 (RLIN) 50862
245 10 - TITLE STATEMENT
Title Coaching better basketball /
Statement of responsibility, etc. by Forrest Anderson and Stan Albeck.
260 ## - PUBLICATION, DISTRIBUTION, ETC. (IMPRINT)
Place of publication, distribution, etc. New York :
Name of publisher, distributor, etc. Ronald Press Co.
Date of publication, distribution, etc. 1964.
300 ## - PHYSICAL DESCRIPTION
Pagination vii, 259 p. :
Illustrations illus.
Size 26 cm.
490 0# - SERIES STATEMENT
Series statement Ronald sports library
504 ## - BIBLIOGRAPHY, ETC. NOTE
Bibliography, etc Includes index.
650 #0 - SUBJECT ADDED ENTRY--TOPICAL TERM
Topical term or geographic name as entry element Basketball
General subdivision Coaching.
9 (RLIN) 674
700 1# - ADDED ENTRY--PERSONAL NAME
Personal name Albeck, Stan,
Relator term joint author.
942 ## - ADDED ENTRY ELEMENTS (KOHA)
Source of classification or shelving scheme Dewey Decimal Classification
Koha item type Books
Holdings
Lost status Source of classification or shelving scheme Damaged status Not for loan Collection code Permanent Location Current Location Shelving location Date acquired Source of acquisition Cost, normal purchase price Total Checkouts Full call number Date last seen Copy number Koha item type
  Dewey Decimal Classification   Not For Loan Non-fiction Central Library, University of Rajshahi Central Library, University of Rajshahi Reading Room 15/07/1971 N/A 0.00   796.323077 ANC 1964 13/02/2014 C-1 Books